000 00384nam a2200133Ia 4500
008 220214s9999 xx 000 0 und d
022 _a0309-1651
245 0 _aCELL BIOLOGY INTERNATIONAL REPORTS
260 _bInternational Federation for Cell Biology, London
_aUK
310 _aM
500 _aEnding Volume & Year: 9, 1985
500 _aStarting Volume & Year: 4, 1980
942 _cBJ
999 _c9384
_d9384